000
00223nam a2200085Ia 4500
005
20250523155752.0
008
250523s9999 xx 000 0 und d
245
0
_a
Ruby Rogers Kime Bakıyorsun Öyle?
_c
Sue Limb
260
_b
ALTIN
999
_c
12100
_d
12100